000
00241nam a22000977a 4500
082
_a
623.71 MAP'R
245
_a
MAP READING,DEPARTMENT OF THE ARMY FIELD MANUAL FM 21-26
260
_a
USA
_b
DEPT OF ARMY
_c
1969
300
_a
10-19P
942
_c
BK
999
_c
581462
_d
581462